New school management approaches
Guardado en:
| Formato: | Libro |
|---|---|
| Lenguaje: | inglés |
| Publicado: |
Paris
OECD
2001
|
| Colección: | Education and skills
|
| Materias: | |
| Etiquetas: |
Sin Etiquetas, Sea el primero en etiquetar este registro!
|
MARC
| LEADER | 00000nam a2200000 4500 | ||
|---|---|---|---|
| 001 | c143156 | ||
| 005 | 20221124103542.2 | ||
| 020 | |a 92-64-18646-8 | ||
| 041 | 0 | |a eng | |
| 044 | |a FR | ||
| 245 | 1 | 0 | |a New school management approaches |
| 264 | 1 | |a Paris |b OECD |c 2001 | |
| 300 | |a 226 s. | ||
| 490 | 1 | |a Education and skills | |
| 830 | 0 | |a Education and skills | |
| 610 | 2 | 0 | |a vzdelanie |
| 610 | 2 | 0 | |a vzdelávanie |
| 610 | 2 | 0 | |a výchova |
| 610 | 2 | 0 | |a školy |
| 610 | 2 | 0 | |a riadenie |
| 610 | 2 | 0 | |a inovácia |
| 610 | 2 | 0 | |a výskum |
| 610 | 2 | 0 | |a štúdie prípadové |
| 610 | 2 | 0 | |a porovnanie medzinárodné |
| 610 | 2 | 0 | |a Belgicko |
| 610 | 2 | 0 | |a Grécko |
| 610 | 2 | 0 | |a Maďarsko |
| 610 | 2 | 0 | |a Japonsko |
| 610 | 2 | 0 | |a Mexiko |
| 610 | 2 | 0 | |a Holandsko |
| 610 | 2 | 0 | |a Švédsko |
| 610 | 2 | 0 | |a Veľká Británia |
| 610 | 2 | 0 | |a USA |
| 610 | 2 | 0 | |a svet |
| 610 | 2 | 0 | |a OECD |